Estatísticas para Cultura Geral

Clique aqui para jogar o quiz

Estatísticas Gerais

  • Esse quiz foi jogado 18 vezes
  • A pontuação média é 5 de 15

Estatísticas das Respostas

HintResposta% Correto
Que vegetal ao ser cortado faz chorar os olhos?Cebola
100%
Qual é o feminino de boi?Vaca
100%
Como se chama o prato cujo ingrediente principal é uma bola de carne moída de aproximadamente 5 cm de diâmetro e servida, numa refeição, em várias unidades?Almôndega
69%
Qual é a árvore que dá a uva?Videira
50%
Que utensílio culinário é utilizado para controlar o assado de um alimento levado ao fogo ou à brasa, sobre churrasqueiras, diferentes tipos de carnes e vegetais?Grelha
44%
Que cidade têm a maior população por área urbana?Tóquio
38%
Por área urbana qual é a maior cidade que começa com a letra P?Paris
31%
Que termo é usado para uma técnica culinária em que se espetam pedaços de alimentos ou de uma pasta formada com alimentos, geralmente carne, em palitos ou pequenos espetos metálicos, para se cozinharem na brasa e geralmente são servidos como doses individuais?Espetadas
19%
De que país é típico o cacık?Turquia
13%
De que país é típico o Pelmeni?Rússia
6%
Em que país podemos encontrar a cidade Mazar e Xarife?Afeganistão
0%
Que nome damos a preparações culinárias ligeiras, simples ou elaboradas, frias ou quentes, que se servem antes do prato principal de uma refeição,normalmente acompanhado por uma bebida?Aperitivo
0%
Que nome damos á versão norte-européia das almôndegas, sendo um prato muito popular especialmente na Dinamarca e Alemanha?Frikadeller
0%
Que nome damos aos pasteis de massa de farinha recheados geralmente com carne e cozidos em água, num caldo, ou no vapor, muito populares na Turquia, Cazaquistão, Uzbequistão, Azerbaijão e Afeganistão?Manti
0%
Que região do interior da Austrália começa com a letra O?Outback
0%

Distribuição das Pontuações

Percentil de Números Respondidos

Porcentagem de Pessoas com Cada Pontuação

Sua Pontuação Histórica

Você não jogou esse quiz